Techniques for teaching law = Phương pháp dạy và học đại học (từ thực tiễn ngành luật)

محفوظ في:
التفاصيل البيبلوغرافية
المؤلف الرئيسي: Hess, Garry
التنسيق: كتاب
اللغة:Undetermined
منشور في: Hà Nội,Durham, N.C. Thanh Niên,Carolina Academic Press 2005
الموضوعات:
الوسوم: إضافة وسم
لا توجد وسوم, كن أول من يضع وسما على هذه التسجيلة!
Thư viện lưu trữ: Trung tâm Học liệu Trường Đại học Cần Thơ
LEADER 00825nam a2200229Ia 4500
001 CTU_104381
008 210402s9999 xx 000 0 und d
020 |c 25000 
082 |a 340.071173 
082 |b H586 
100 |a Hess, Garry 
245 0 |a Techniques for teaching law = 
245 0 |b Phương pháp dạy và học đại học (từ thực tiễn ngành luật) 
245 0 |c Gerald F. Hess and Steven Friedland; Nhóm biên dịch Lê Nết .... [et al.] 
260 |a Hà Nội,Durham, N.C. 
260 |b Thanh Niên,Carolina Academic Press 
260 |c 2005 
650 |a Law,Luật 
650 |x Study and teaching,phương pháp dạy và học 
650 |z United States,Hoa Kỳ 
904 |i Nguyên sửa 
980 |a Trung tâm Học liệu Trường Đại học Cần Thơ